000 06151nam a22005057a 4500
005 20090116164554.0
008 090116t xxu||||| |||| 00| 0 hin d
010 _aHIN-92589 B-455462-478
020 _c140.00
_a9788126320585
035 _aHN-64935 B-455462-478
037 _bDBAD / PUB
_aरिसर्चो बुक सैंटर
040 _aDPL
_bHN
082 _a
100 _927526
_aगोस्वामी, इन्दिरा
245 _aनीलकंठी ब्रज /
_cइन्दिरा गोस्वामी; दिनेश द्विवेदी द्वारा अनुदित
246 _aNeelkanthi braj
_bby Indtra Goswami
260 _aनई दिल्ली
_bभारतीय ज्ञानपीठ
_c2010
270 _bनई दिल्ली
_a18, इन्स्टीटयूशनल एरिया, लोदी रोड
_e110003
300 _a123पृ.
_c22सेमी (सजिल्द)
490 _aलोकोदय ग्रंथमालाःग्रन्थांक 1054 / रवीन्द्र कालिया द्वारा संपादित
_944440
650 _91169
_aहिन्दी कथा साहित्य
650 _91170
_aHindi Novel
700 _927533
_aकालिया, रवीन्द्र
700 _927547
_aद्विवेदी, दिनेश
942 _2ddc
_cHN
_mगोस्वामी
_h
999 _c52153
_d52153